[Event "Rated Blitz game"]
[Site "?"]
[Date "2021.02.14"]
[Round "?"]
[White "elchechereche"]
[Black "Jomajo"]
[Result "1-0"]
[WhiteElo "2478"]
[BlackElo "2594"]
[PlyCount "47"]
[EventDate "2021.??.??"]
[EventType "blitz"]

1. e4 e5 2. Nf3 d5 3. exd5 e4 4. Ne5 Qxd5 5. Nc4 Nc6 6. Nc3 Qe6 7. Be2 Nf6 8.
Nb5 Qd7 9. O-O a6 10. Nc3 Nd4 11. d3 exd3 12. Bxd3 Be7 13. Ne5 Qd8 14. Re1 O-O
15. Be3 c5 16. a4 Bd6 17. Bg5 h6 18. Bh4 Re8 19. f4 Qc7 20. Bxf6 gxf6 21. Nd5
Qd8 22. Qh5 Bxe5 23. Qxh6 Bf5 24. fxe5 {Normal} 1-0

[Event "Rated Blitz game"]
[Site "?"]
[Date "2021.02.14"]
[Round "?"]
[White "elchechereche"]
[Black "Jomajo"]
[Result "0-1"]
[WhiteElo "2479"]
[BlackElo "2592"]
[PlyCount "126"]
[EventDate "2021.??.??"]
[EventType "blitz"]

1. e4 e5 2. Nf3 d5 3. exd5 e4 4. Ne5 Qxd5 5. d4 exd3 6. Nxd3 Nc6 7. Nc3 Qa5 8.
Be2 Nf6 9. O-O Bd6 10. Bd2 Qf5 11. Ne1 Nd4 12. Bd3 Qe5 13. g3 O-O 14. Nf3 Nxf3+
15. Qxf3 Ng4 16. Rfe1 Qh5 17. h4 Bd7 18. Qxb7 Ne5 19. Be2 Bg4 20. Bxg4 Qxg4 21.
Kg2 Rab8 22. Qe4 Rxb2 23. Bf4 Ng6 24. Bxd6 Qxe4+ 25. Nxe4 cxd6 26. h5 Ne5 27.
Nxd6 Ng4 28. Re2 Nf6 29. a4 Nxh5 30. Re7 a5 31. Ra7 Rxc2 32. Rxa5 g6 33. Ra7
Nf6 34. a5 Ng4 35. Rf1 Rd2 36. Ne4 Ra2 37. Kf3 Ne5+ 38. Kf4 Nd3+ 39. Kg5 Kg7
40. a6 h6+ 41. Kg4 Ra4 42. Kf3 Ne5+ 43. Ke3 Ng4+ 44. Kf3 Ne5+ 45. Kg2 Rxe4 46.
f4 Nc4 47. Rf2 Ne3+ 48. Kf3 Ra4 49. Re2 Re8 50. Rxe3 Rxe3+ 51. Kxe3 Ra3+ 52.
Ke4 h5 53. g4 h4 54. Ke5 h3 55. f5 gxf5 56. Kd6 h2 57. g5 h1=Q 58. Rb7 Qg1 59.
a7 Qg2 60. Kc7 Qg3+ 61. Kc8 Qg4 62. Rxf7+ Kxf7 63. a8=Q Kg6 {Time forfeit} 0-1

[Event "Rated Blitz game"]
[Site "?"]
[Date "2021.02.14"]
[Round "?"]
[White "Erickglezmesa"]
[Black "JoNAKz"]
[Result "1-0"]
[WhiteElo "2403"]
[BlackElo "2362"]
[PlyCount "63"]
[EventDate "2021.??.??"]
[EventType "blitz"]

1. e4 e5 2. Nf3 d5 3. exd5 e4 4. Qe2 Nf6 5. d3 Qxd5 6. Nfd2 Be6 7. Nxe4 Be7 8.
Nbc3 Qa5 9. Bd2 Nc6 10. Nxf6+ Bxf6 11. Ne4 Qb6 12. Nxf6+ gxf6 13. Bc3 O-O-O 14.
Qe3 Nd4 15. Bxd4 Rxd4 16. O-O-O Bxa2 17. b3 Rhd8 18. Kb2 a5 19. Kxa2 a4 20. b4
Qxb4 21. Qd2 Qc5 22. c3 Qd5+ 23. Ka1 Rg4 24. f3 Rg5 25. d4 f5 26. Qxg5 Qb3 27.
Qd2 Rd6 28. Rb1 Qa3+ 29. Qa2 Qxc3+ 30. Qb2 Qc6 31. Bb5 Qb6 32. Rhe1 {Time
forfeit} 1-0

[Event "Rated Blitz tournament daB2Dtbp"]
[Site "?"]
[Date "2021.02.14"]
[Round "?"]
[White "OMID_s"]
[Black "Maltinho"]
[Result "1-0"]
[WhiteElo "2255"]
[BlackElo "2475"]
[PlyCount "71"]
[EventDate "2021.??.??"]
[EventType "blitz"]

1. e4 e5 2. Nf3 d5 3. exd5 Bd6 4. d3 c6 5. dxc6 Nxc6 6. Be2 Nf6 7. O-O h6 8.
Nc3 Bg4 9. h3 Bh5 10. Nh2 Bg6 11. Ng4 Nxg4 12. Bxg4 h5 13. Bf3 f5 14. Re1 Qf6
15. Nd5 Qf7 16. d4 e4 17. Nf4 O-O-O 18. Be2 h4 19. d5 Ne5 20. Ne6 Rd7 21. c4
Be7 22. Qa4 a6 23. Bf4 Bd6 24. c5 Nf3+ 25. gxf3 Bxf4 26. Nxf4 Qf6 27. Ne6 Bf7
28. c6 bxc6 29. Qxc6+ Kb8 30. Qxd7 Bxe6 31. Qxe6 Qg5+ 32. Kh1 Qf4 33. Rac1 exf3
34. Bxa6 Qg5 35. Qb6+ Ka8 36. Qb7# {Normal} 1-0

[Event "Rated Blitz tournament Dbo2DCSJ"]
[Site "?"]
[Date "2021.02.14"]
[Round "?"]
[White "vangulio"]
[Black "VVV-31"]
[Result "1-0"]
[WhiteElo "2435"]
[BlackElo "2348"]
[PlyCount "33"]
[EventDate "2021.??.??"]
[EventType "blitz"]

1. e4 e5 2. Nf3 d5 3. Nxe5 Bd6 4. d4 dxe4 5. Nc4 Nf6 6. Nc3 O-O 7. Bg5 Bf5 8.
Be2 Bb4 9. O-O Nc6 10. Ne3 Bg6 11. Bxf6 Qxf6 12. Ncd5 Qd6 13. a3 Ba5 14. c4 Ne7
15. c5 Qe6 16. Nxe7+ Qxe7 17. b4 {Normal} 1-0

[Event "Rated Blitz game"]
[Site "?"]
[Date "2021.02.14"]
[Round "?"]
[White "urbas"]
[Black "ikibardaksu"]
[Result "1-0"]
[WhiteElo "2434"]
[BlackElo "2276"]
[PlyCount "65"]
[EventDate "2021.??.??"]
[EventType "blitz"]

1. e4 e5 2. Nf3 d5 3. Be2 dxe4 4. Nxe5 Bd6 5. Nc4 Nf6 6. Nxd6+ Qxd6 7. O-O O-O
8. d4 exd3 9. Qxd3 Qxd3 10. Bxd3 Nc6 11. Bf4 Nd5 12. Bg3 Ncb4 13. Be4 c6 14. c4
Nf6 15. Bd6 Nxe4 16. Bxb4 Rd8 17. f3 Nd6 18. Rd1 Be6 19. Rxd6 Bxc4 20. Nc3 Rxd6
21. Bxd6 Rd8 22. Rd1 f6 23. b3 Be6 24. Bc5 Rxd1+ 25. Nxd1 a5 26. Nc3 b5 27. Kf2
Kf7 28. Ke3 g5 29. Kd4 h5 30. Bb6 g4 31. Bxa5 gxf3 32. gxf3 b4 33. Bxb4 {Normal
} 1-0

[Event "Rated Blitz game"]
[Site "?"]
[Date "2021.02.14"]
[Round "?"]
[White "MassterofMayhem"]
[Black "Fantastic_power06"]
[Result "0-1"]
[WhiteElo "2492"]
[BlackElo "2669"]
[PlyCount "126"]
[EventDate "2021.??.??"]
[EventType "blitz"]

1. e4 e5 2. Nf3 d5 3. exd5 e4 4. Qe2 Nf6 5. d3 Qxd5 6. Nbd2 Nc6 7. dxe4 Qc5 8.
c3 Be6 9. g3 O-O-O 10. Bg2 Qh5 11. O-O Bh3 12. Re1 Bc5 13. Bxh3+ Qxh3 14. Ng5
Qd7 15. Nb3 Bb6 16. Be3 h6 17. Nf3 Rhe8 18. Bxb6 axb6 19. Nfd2 Qh3 20. Qf1 Qh5
21. f3 Ne5 22. Re2 Nd3 23. Nc4 Qb5 24. Ne3 Ne5 25. Nd4 Qa6 26. Kg2 g6 27. h3 c5
28. Nb3 Rd7 29. Rd1 Red8 30. Red2 Qxa2 31. Rxd7 Rxd7 32. Rxd7 Nexd7 33. Nd2
Qxb2 34. Qd3 Ne5 35. Qe2 Qxc3 36. Ndc4 Nxc4 37. Nxc4 Nd7 38. h4 Qd4 39. Ne3 Ne5
40. Nd5 c4 41. Qa2 Kd7 42. Qa4+ Nc6 43. Qa8 Qd2+ 44. Kh3 Qa5 45. Qxb7+ Kd6 46.
Qc7+ Kc5 47. Qxf7 Kd4 48. Qf6+ Ne5 49. f4 Kd3 50. Qxe5 Qe1 51. h5 Qh1+ 52. Kg4
gxh5+ 53. Kf5 Qh3+ 54. Kf6 Qd7 55. Qc3+ Kxe4 56. Qe3+ Kxd5 57. Qd2+ Kc6 58.
Qxd7+ Kxd7 59. Ke5 c3 60. f5 c2 61. f6 c1=Q 62. f7 Qc3+ 63. Kf5 Qg7 {Time
forfeit} 0-1

[Event "Rated Blitz game"]
[Site "?"]
[Date "2021.02.14"]
[Round "?"]
[White "nrm18"]
[Black "pashpawn"]
[Result "1-0"]
[WhiteElo "2408"]
[BlackElo "2291"]
[PlyCount "84"]
[EventDate "2021.??.??"]
[EventType "blitz"]

1. e4 e5 2. Nf3 d5 3. Nxe5 Qe7 4. d4 f6 5. Ng4 Bxg4 6. Qxg4 Qxe4+ 7. Qxe4+ dxe4
8. Bc4 Nc6 9. c3 Bd6 10. Nd2 f5 11. g3 Nf6 12. f3 O-O-O 13. fxe4 fxe4 14. O-O
Kb8 15. Re1 Rde8 16. Bf1 h5 17. Bh3 h4 18. g4 Rh6 19. Nc4 Rg6 20. g5 Nh7 21.
Bf5 Rxg5+ 22. Bxg5 Nxg5 23. Kg2 h3+ 24. Bxh3 Rh8 25. Nxd6 cxd6 26. Bg4 Ne7 27.
Kg3 d5 28. h4 Nf7 29. c4 Nh6 30. cxd5 Nhf5+ 31. Bxf5 Nxf5+ 32. Kf4 g6 33. Rxe4
Kc7 34. Rh1 Kd6 35. h5 Ng7 36. h6 Nf5 37. Re6+ Kxd5 38. Rxg6 Nxd4 39. h7 Ne6+
40. Kf5 Rf8+ 41. Rf6 Nd4+ 42. Kg6 Rh8 {Normal} 1-0

[Event "Rated Blitz game"]
[Site "?"]
[Date "2021.02.14"]
[Round "?"]
[White "piscatorox"]
[Black "artsportscience"]
[Result "0-1"]
[WhiteElo "2419"]
[BlackElo "2287"]
[PlyCount "46"]
[EventDate "2021.??.??"]
[EventType "blitz"]

1. e4 e5 2. Nf3 d5 3. exd5 e4 4. Ne5 Qxd5 5. d4 exd3 6. Nxd3 Nf6 7. Nc3 Qe6+ 8.
Be2 Bd6 9. O-O O-O 10. Bf4 Nc6 11. Bxd6 Qxd6 12. Qd2 a6 13. Rad1 Bf5 14. Nf4
Qxd2 15. Rxd2 Rad8 16. Rfd1 Rxd2 17. Rxd2 Rd8 18. Nfd5 Nxd5 19. Nxd5 Bxc2 20.
Ne7+ Kf8 21. Rxc2 Kxe7 22. Bf3 Rd6 23. Bxc6 Rd1# {Normal} 0-1

[Event "Rated Blitz game"]
[Site "?"]
[Date "2021.02.14"]
[Round "?"]
[White "Puedolograrlo"]
[Black "Chesspirate_Channel"]
[Result "1-0"]
[WhiteElo "2429"]
[BlackElo "2355"]
[PlyCount "41"]
[EventDate "2021.??.??"]
[EventType "blitz"]

1. e4 e5 2. Nf3 d5 3. Nxe5 Bd6 4. d4 dxe4 5. Qh5 Qe7 6. Bc4 Bxe5 7. Qxe5 Qxe5
8. dxe5 Nc6 9. Bf4 Bg4 10. Nc3 O-O-O 11. h3 Bh5 12. O-O Nge7 13. Rfe1 Ng6 14.
Bg5 Rd4 15. Bxf7 Ncxe5 16. Bd5 h6 17. Be3 Rb4 18. b3 Nh4 19. a3 Nef3+ 20. gxf3
Nxf3+ 21. Kf1 {Normal} 1-0

[Event "Rated Blitz game"]
[Site "?"]
[Date "2021.02.14"]
[Round "?"]
[White "echecetmat45"]
[Black "KamranShirazi"]
[Result "0-1"]
[WhiteElo "2344"]
[BlackElo "2427"]
[PlyCount "56"]
[EventDate "2021.??.??"]
[EventType "blitz"]

1. e4 e5 2. Nf3 d5 3. exd5 e4 4. Nd4 Qxd5 5. Nb3 Bd6 6. Nc3 Qe5 7. Be2 Bf5 8.
d4 exd3 9. cxd3 Nc6 10. d4 Qe7 11. Be3 Nf6 12. h3 Nb4 13. Rc1 Nfd5 14. Nxd5
Nxd5 15. Qd2 Bb4 16. Rc3 Bxc3 17. bxc3 Nxe3 18. fxe3 O-O 19. O-O Be4 20. Nc5
Rad8 21. Nxe4 Qxe4 22. Bf3 Qe6 23. Bxb7 Rfe8 24. e4 c6 25. Rf4 Re7 26. d5 Qd6
27. Ba6 cxd5 28. exd5 Qxa6 {Normal} 0-1

[Event "Rated Blitz game"]
[Site "?"]
[Date "2021.02.14"]
[Round "?"]
[White "Antham"]
[Black "DarthZannah"]
[Result "1-0"]
[WhiteElo "2498"]
[BlackElo "2475"]
[PlyCount "57"]
[EventDate "2021.??.??"]
[EventType "blitz"]

1. e4 e5 2. Nf3 d5 3. exd5 e4 4. Qe2 Nf6 5. Nc3 Be7 6. Nxe4 O-O 7. d3 Qxd5 8.
g3 Nc6 9. Bg2 Bg4 10. O-O Rfe8 11. h3 Nd4 12. Qd1 Nxf3+ 13. Bxf3 Bxf3 14. Qxf3
Nxe4 15. Qxe4 Qh5 16. Kg2 c6 17. Re1 f5 18. Qf3 Qf7 19. Bf4 Bf6 20. Rxe8+ Rxe8
21. c3 Qe6 22. Be3 g6 23. Bxa7 Ra8 24. Bc5 Rxa2 25. Rxa2 Qxa2 26. Qe3 Kf7 27.
Ba3 Bxc3 28. Qe7+ Kg8 29. Qf8# {Normal} 1-0

[Event "Rated Blitz tournament ZlEYXqZ7"]
[Site "?"]
[Date "2021.02.14"]
[Round "?"]
[White "Torjaeger10"]
[Black "Frutek"]
[Result "1-0"]
[WhiteElo "2344"]
[BlackElo "2421"]
[PlyCount "125"]
[EventDate "2021.??.??"]
[EventType "blitz"]

1. e4 e5 2. Nf3 d5 3. exd5 e4 4. Qe2 Nf6 5. d3 Bb4+ 6. Bd2 O-O 7. dxe4 Re8 8.
e5 Nxd5 9. Bxb4 Nxb4 10. a3 Nd5 11. Nbd2 Bf5 12. O-O-O Nc6 13. Nc4 b5 14. Ne3
Nf4 15. Qe1 Qc8 16. g3 Be4 17. Be2 Nxe2+ 18. Qxe2 Nxe5 19. Nxe5 Bxh1 20. N5g4
Be4 21. Qxb5 Rb8 22. Qg5 Bg6 23. h4 h6 24. Qf4 Qb7 25. b3 Qe4 26. Qxe4 Bxe4 27.
Rd7 f5 28. Nh2 c5 29. Nhf1 a5 30. Nd2 a4 31. bxa4 Bc6 32. Rc7 Bxa4 33. Rxc5
Rbc8 34. Rxc8 Rxc8 35. Ndc4 Bd7 36. Nb6 Rc7 37. Nxd7 Rxd7 38. c4 f4 39. gxf4
Rd4 40. Kc2 Rxf4 41. Kc3 Rxf2 42. c5 Kf7 43. Kd4 Ke7 44. Nd5+ Kd8 45. Ke5 Rh2
46. Kd6 Rxh4 47. c6 Rc4 48. c7+ Ke8 49. Nb6 Rc1 50. c8=Q+ Rxc8 51. Nxc8 g5 52.
Ne7 Kf7 53. Nf5 Kf6 54. Ng3 h5 55. a4 h4 56. Nh1 g4 57. a5 g3 58. a6 g2 59. Nf2
g1=Q 60. Ne4+ Kf5 61. a7 Qd4+ 62. Kc7 Qxe4 63. Kc8 {Time forfeit} 1-0

[Event "Rated Rapid game"]
[Site "?"]
[Date "2021.02.14"]
[Round "?"]
[White "hr_2"]
[Black "BloodForTheBloodGod0"]
[Result "0-1"]
[WhiteElo "2409"]
[BlackElo "2562"]
[PlyCount "57"]
[EventDate "2021.??.??"]
[EventType "rapid"]

1. e4 e5 2. Nf3 d5 3. exd5 e4 4. Qe2 Nf6 5. Nc3 Be7 6. Nxe4 O-O 7. Nxf6+ Bxf6
8. Qd3 Re8+ 9. Be2 Qe7 10. Qe3 Qd8 11. Qd3 Na6 12. O-O Nb4 13. Qc4 Nxc2 14.
Qxc2 Rxe2 15. Qc4 Qe7 16. d4 Qe4 17. Be3 Rxb2 18. Rfc1 Bf5 19. Qxc7 Qxd5 20.
Rc5 Qd7 21. Rac1 Qxc7 22. Rxc7 Bd8 23. R7c5 Be6 24. d5 b6 25. Rc6 Bxd5 26. Rd6
Bxa2 27. Nd2 Be6 28. Ne4 a5 29. h3 {Normal} 0-1

[Event "Rated Blitz game"]
[Site "?"]
[Date "2021.02.14"]
[Round "?"]
[White "haychesspoker"]
[Black "oALzJoN"]
[Result "1-0"]
[WhiteElo "2505"]
[BlackElo "2357"]
[PlyCount "51"]
[EventDate "2021.??.??"]
[EventType "blitz"]

1. e4 e5 2. Nf3 d5 3. exd5 e4 4. Qe2 Nf6 5. d3 Qxd5 6. Nbd2 Be6 7. dxe4 Qd7 8.
Ne5 Qd4 9. Qb5+ Nbd7 10. Nef3 Qb6 11. Qxb6 axb6 12. Bd3 Bb4 13. a3 O-O 14. Ke2
Rfe8 15. Nd4 Bxd2 16. Bxd2 Bg4+ 17. f3 Nxe4 18. fxg4 Ng3+ 19. Kf2 Nxh1+ 20.
Rxh1 Nc5 21. Nb5 c6 22. Nc7 Red8 23. Nxa8 Nxd3+ 24. cxd3 Rxd3 25. Ke2 Rd8 26.
Nxb6 {Normal} 1-0

[Event "Rated Blitz tournament OZb3XvmC"]
[Site "?"]
[Date "2021.02.14"]
[Round "?"]
[White "RomChartres"]
[Black "ricaurte55"]
[Result "1-0"]
[WhiteElo "2470"]
[BlackElo "2255"]
[PlyCount "103"]
[EventDate "2021.??.??"]
[EventType "blitz"]

1. e4 e5 2. Nf3 d5 3. d4 dxe4 4. Nxe5 Bd6 5. Nc4 Nf6 6. Nc3 O-O 7. Bg5 h6 8.
Bh4 g5 9. Bg3 Nc6 10. Ne3 Kg7 11. Be2 a5 12. d5 Nb4 13. a3 Nbxd5 14. Ncxd5 Nxd5
15. Qxd5 Bxg3 16. hxg3 Qxd5 17. Nxd5 c6 18. Nb6 Rb8 19. Nxc8 Rbxc8 20. O-O-O
Rcd8 21. Rxd8 Rxd8 22. Rd1 Rxd1+ 23. Kxd1 f5 24. g4 f4 25. Bc4 Kf6 26. f3 e3
27. Ke2 Ke5 28. Kd3 b5 29. Bf7 c5 30. Be8 c4+ 31. Ke2 b4 32. axb4 axb4 33. b3
cxb3 34. cxb3 Kd4 35. Bb5 Kc3 36. Bc4 Kc2 37. Ke1 Kc3 38. Kd1 Kb2 39. Bd5 Kc3
40. Bc4 Kb2 41. Ke2 Kc3 42. g3 Kc2 43. gxf4 gxf4 44. Be6 Kc3 45. Bc4 Kb2 46.
Kd3 Kc1 47. Ke4 Kd1 48. Kxf4 e2 49. Bxe2+ Kxe2 50. Ke4 Kd2 51. Kd4 Kc2 52. Kc4
{Normal} 1-0

[Event "Rated Blitz game"]
[Site "?"]
[Date "2021.02.14"]
[Round "?"]
[White "emiliooo"]
[Black "BBface_assasyn"]
[Result "1-0"]
[WhiteElo "2574"]
[BlackElo "2468"]
[PlyCount "77"]
[EventDate "2021.??.??"]
[EventType "blitz"]

1. e4 e5 2. Nf3 d5 3. Nxe5 Qe7 4. d4 f6 5. Nf3 dxe4 6. Nfd2 f5 7. Nc3 Nf6 8.
Nc4 Nc6 9. d5 Ne5 10. Bf4 Nxc4 11. Bxc4 Qc5 12. Qe2 Bd6 13. Be3 Qa5 14. O-O-O
O-O 15. Bd4 Bd7 16. Rhg1 Rae8 17. h3 f4 18. Bb3 Bf5 19. g4 fxg3 20. fxg3 Bxh3
21. g4 b5 22. Bxf6 Rxf6 23. Nxb5 Bc5 24. Rg3 Rf2 25. Qc4 Bxg4 26. Rxg4 Be3+ 27.
Kb1 Kh8 28. Nc3 Bh6 29. Rxe4 Ref8 30. a3 Qb6 31. d6 cxd6 32. Nd5 Qd8 33. Ne7
R2f7 34. Rde1 Bd2 35. R1e2 Rf1+ 36. Ka2 Bh6 37. Nc6 Qg5 38. Re8 g6 39. Qg8+ {
Normal} 1-0

[Event "Rated Blitz game"]
[Site "?"]
[Date "2021.02.14"]
[Round "?"]
[White "Clazby"]
[Black "Fantastic_power06"]
[Result "0-1"]
[WhiteElo "2526"]
[BlackElo "2677"]
[PlyCount "116"]
[EventDate "2021.??.??"]
[EventType "blitz"]

1. e4 e5 2. Nf3 d5 3. exd5 e4 4. Ng1 Qxd5 5. Nc3 Qe5 6. d4 exd3+ 7. Be3 dxc2 8.
Qxc2 Nc6 9. Nf3 Qa5 10. Bb5 Bd7 11. Rd1 O-O-O 12. O-O Bd6 13. a3 a6 14. Be2 Nf6
15. Ng5 Qe5 16. g3 Qe7 17. Bc4 Ne5 18. Bd5 h6 19. Qb3 Bc6 20. Bxc6 bxc6 21. Nh3
Qe6 22. Qxe6+ fxe6 23. Nf4 Rhe8 24. Kg2 g5 25. Nd3 Nd5 26. Ne4 Nc4 27. Bc1 Kb7
28. b3 Ne5 29. Nec5+ Kc8 30. Nxe5 Bxe5 31. Nxa6 Bd6 32. b4 Kd7 33. Nc5+ Bxc5
34. bxc5 Ra8 35. Rfe1 Ke7 36. f4 gxf4 37. gxf4 Kf7 38. Re4 Nc3 39. Rd7+ Re7 40.
Rxe7+ Kxe7 41. Rb4 Nd5 42. Rb7 Kd7 43. Kf3 Ra4 44. Rb3 Rc4 45. Be3 h5 46. h3
Ne7 47. Rd3+ Kc8 48. Rd4 Rc2 49. Re4 Kd7 50. Kg3 Nf5+ 51. Kf3 Rc3 52. a4 Ra3
53. Ke2 Ng3+ 54. Kf3 Nxe4 55. Kxe4 Rxa4+ 56. Ke5 Ke7 57. Bd2 Ra2 58. Be1 Re2+ {
Normal} 0-1

[Event "Rated Blitz game"]
[Site "?"]
[Date "2021.02.14"]
[Round "?"]
[White "BLITZ16"]
[Black "Blind2250"]
[Result "0-1"]
[WhiteElo "2349"]
[BlackElo "2440"]
[PlyCount "88"]
[EventDate "2021.??.??"]
[EventType "blitz"]

1. e4 e5 2. Nf3 d5 3. exd5 e4 4. Nd4 Qxd5 5. Nb3 Nf6 6. Nc3 Qf5 7. Be2 Bd6 8.
d4 O-O 9. Be3 Nc6 10. Qd2 a5 11. a4 Bb4 12. Nc1 Nd5 13. N1a2 Nxc3 14. bxc3 Bd6
15. Nc1 Ne7 16. Nb3 Nd5 17. O-O Qg6 18. g3 Bh3 19. Rfe1 f5 20. f4 exf3 21. Bxf3
c6 22. Bxd5+ cxd5 23. Bf4 Rac8 24. Bxd6 Qxd6 25. Nc5 f4 26. Qf2 Rf6 27. Re5
Rcf8 28. g4 Bxg4 29. Rae1 b6 30. Nd3 Bf5 31. Re8 Be4 32. Rxf8+ Rxf8 33. Kf1 Qh6
34. Ke2 Qh5+ 35. Kd2 Rc8 36. Rf1 f3 37. Qg3 Qh6+ 38. Kd1 Qc6 39. Rxf3 Qxc3 40.
Ne1 Qxd4+ 41. Nd3 Bxf3+ 42. Qxf3 Rf8 43. Qh5 Qg1+ 44. Ke2 Qg2+ {Time forfeit}
0-1

[Event "Rated Blitz game"]
[Site "?"]
[Date "2021.02.14"]
[Round "?"]
[White "LuisHSuarez"]
[Black "GrandeGila"]
[Result "1-0"]
[WhiteElo "2287"]
[BlackElo "2429"]
[PlyCount "155"]
[EventDate "2021.??.??"]
[EventType "blitz"]

1. e4 e5 2. Nf3 d5 3. Nc3 dxe4 4. Nxe4 f5 5. Ng3 e4 6. Ne5 Nf6 7. d4 exd3 8.
Bxd3 Bd6 9. Nc4 O-O 10. Nxd6 Qxd6 11. Bc4+ Kh8 12. Qxd6 cxd6 13. O-O d5 14. Bb3
h6 15. Bf4 Nc6 16. Rfe1 Kh7 17. c3 g5 18. Bd6 Rf7 19. Rad1 f4 20. Bc2+ Kh8 21.
Nf5 Bxf5 22. Bxf5 Rd8 23. Ba3 d4 24. cxd4 Rxd4 25. b3 Rxd1 26. Rxd1 Nh5 27.
Bb2+ Ng7 28. Bg6 Rc7 29. h3 Kg8 30. Rd6 Re7 31. Kf1 Re6 32. Rxe6 Nxe6 33. Bf5
Ned4 34. Bc8 b6 35. Bd7 Kf7 36. b4 Ke7 37. Bg4 Nc2 38. a3 N2d4 39. Ke1 Nb5 40.
Kd2 Nd6 41. Kd3 Nf7 42. Bg7 Nce5+ 43. Ke4 Nxg4 44. hxg4 Ke6 45. a4 a6 46. b5
axb5 47. axb5 Nd6+ 48. Kd3 Nxb5 49. Bxh6 Kf6 50. Bf8 Nc7 51. Ke4 b5 52. Bd6 Ne6
53. Kd5 Nd8 54. Bb4 Nf7 55. Bc3+ Kg6 56. Kc5 Nh6 57. f3 Ng8 58. Kxb5 Ne7 59.
Kc5 Nc8 60. Kd5 Nb6+ 61. Ke6 Na4 62. Bd4 Kh7 63. Kf5 Kh6 64. Kf6 Kh7 65. Kxg5
Kg8 66. Kxf4 Kf7 67. Ke4 Ke6 68. g5 Kd6 69. f4 Ke6 70. f5+ Kf7 71. g6+ Kg8 72.
f6 Kh8 73. Kf5 Kg8 74. Ke6 Nc5+ 75. Bxc5 Kh8 76. Bd4 Kg8 77. f7+ Kf8 78. g7# {
Normal} 1-0

[Event "Rated Blitz game"]
[Site "?"]
[Date "2021.02.14"]
[Round "?"]
[White "Sidorenko44457"]
[Black "DarthZannah"]
[Result "0-1"]
[WhiteElo "2364"]
[BlackElo "2477"]
[PlyCount "42"]
[EventDate "2021.??.??"]
[EventType "blitz"]

1. e4 e5 2. Nf3 d5 3. exd5 e4 4. Qe2 Nf6 5. Nc3 Be7 6. Nxe4 O-O 7. c4 Nxe4 8.
Qxe4 Re8 9. Be2 Bf6 10. Qd3 Qe7 11. Kd1 Na6 12. Re1 Nb4 13. Qb3 Qc5 14. d4 Bxd4
15. Nxd4 Qxd4+ 16. Bd2 a5 17. a3 Na6 18. f3 Bd7 19. Qc3 Qf2 20. Qxa5 Nc5 21.
Qc3 Ba4+ {Normal} 0-1

[Event "Rated Blitz game"]
[Site "?"]
[Date "2021.02.14"]
[Round "?"]
[White "Fight-chess"]
[Black "Fantastic_power06"]
[Result "0-1"]
[WhiteElo "2489"]
[BlackElo "2677"]
[PlyCount "96"]
[EventDate "2021.??.??"]
[EventType "blitz"]

1. e4 e5 2. Nf3 d5 3. exd5 e4 4. Qe2 Nf6 5. d3 Qxd5 6. Nfd2 Nc6 7. Nxe4 Be6 8.
Nbc3 Qf5 9. h3 O-O-O 10. g4 Qa5 11. Bg2 Nd4 12. Qd1 Nxe4 13. Bxe4 h5 14. Rg1
hxg4 15. hxg4 f5 16. gxf5 Bxf5 17. Bd2 Re8 18. Ne2 Bb4 19. Nxd4 Bxe4 20. Bxb4
Qxb4+ 21. Kf1 Qxd4 22. Qg4+ Kb8 23. dxe4 Rxe4 24. Qd1 Qf6 25. c3 Qa6+ 26. Kg2
Re6 27. c4 Rg6+ 28. Kf3 Qf6+ 29. Ke2 Re8+ 30. Kf1 Rf8 31. Qe2 a6 32. Rxg6 Qxg6
33. Rd1 Qf6 34. Qe3 g5 35. b3 g4 36. Qg3 Qf5 37. Kg2 b6 38. Rd4 Qc5 39. Rxg4
Qc6+ 40. f3 Rd8 41. Re4 Kb7 42. Re2 Rd3 43. Kf2 Qc5+ 44. Kg2 Qd6 45. Qf4 Qxf4
46. Re4 Qxf3+ 47. Kh2 Rd2+ 48. Kg1 Qd1+ {Time forfeit} 0-1

[Event "Rated Blitz game"]
[Site "?"]
[Date "2021.02.14"]
[Round "?"]
[White "LuisHSuarez"]
[Black "GrandeGila"]
[Result "0-1"]
[WhiteElo "2292"]
[BlackElo "2425"]
[PlyCount "54"]
[EventDate "2021.??.??"]
[EventType "blitz"]

1. e4 e5 2. Nf3 d5 3. Nc3 d4 4. Ne2 f6 5. d3 c5 6. Ng3 Be6 7. Nxe5 fxe5 8. Qh5+
Kd7 9. Qxe5 Nc6 10. Qf4 h6 11. Qd2 Nf6 12. Be2 Bd6 13. O-O Qe7 14. f4 Bc7 15.
a3 Raf8 16. f5 Bf7 17. c3 Kc8 18. Qc2 Kb8 19. Bf3 Be8 20. b4 dxc3 21. Be3 Nd4
22. Qxc3 Be5 23. Bd1 Nf3+ 24. Rxf3 Bxc3 25. Rc1 Bd4 26. Bxd4 cxd4 27. Bb3 Bc6 {
Normal} 0-1

[Event "Rated Blitz tournament MEHRSKIZ"]
[Site "?"]
[Date "2021.02.14"]
[Round "?"]
[White "PowerThinking2650"]
[Black "Mewii2021"]
[Result "1-0"]
[WhiteElo "2424"]
[BlackElo "2331"]
[PlyCount "67"]
[EventDate "2021.??.??"]
[EventType "blitz"]

1. e4 e5 2. Nf3 d5 3. exd5 e4 4. Qe2 Be7 5. Qxe4 Nf6 6. Qa4+ c6 7. dxc6 O-O 8.
Be2 Nxc6 9. O-O Re8 10. d4 Bd6 11. Be3 Bd7 12. c3 Nd5 13. Nbd2 Nxe3 14. fxe3
Rxe3 15. Rae1 Ne5 16. Qc2 Ng4 17. Bd3 Rxe1 18. Bxh7+ Kh8 19. Rxe1 Bxh2+ 20.
Nxh2 Qh4 21. Ndf3 Qxh7 22. Qxh7+ Kxh7 23. Nxg4 Bxg4 24. Re7 Be6 25. Ng5+ Kg6
26. Nxe6 Kf6 27. Rxb7 Kxe6 28. Kf2 a5 29. b3 a4 30. c4 axb3 31. axb3 Ra2+ 32.
Kf3 g5 33. d5+ Kf6 34. g4 {Normal} 1-0

[Event "Rated Blitz game"]
[Site "?"]
[Date "2021.02.14"]
[Round "?"]
[White "elchechereche"]
[Black "Jomajo"]
[Result "0-1"]
[WhiteElo "2496"]
[BlackElo "2575"]
[PlyCount "114"]
[EventDate "2021.??.??"]
[EventType "blitz"]

1. e4 e5 2. Nf3 d5 3. exd5 e4 4. Ne5 Qxd5 5. d4 exd3 6. Nxd3 Nc6 7. Nc3 Qa5 8.
Bd2 Nf6 9. Be2 Qf5 10. O-O Bd6 11. Re1 O-O 12. h3 Nd4 13. Bf1 Bd7 14. Be3 Ne6
15. a3 a5 16. Nc1 Bc6 17. Bd3 Qe5 18. g3 Nd5 19. Ne4 Nxe3 20. Rxe3 Qxb2 21. Ne2
Rad8 22. Nxd6 Rxd6 23. Qc1 Qxc1+ 24. Rxc1 Nc5 25. Nc3 Rfd8 26. Bf1 g6 27. Bg2
Bxg2 28. Kxg2 Kg7 29. Re7 R8d7 30. Rxd7 Rxd7 31. Kf1 c6 32. a4 Rd4 33. Rb1 Rb4
34. Re1 Nxa4 35. Ne2 Nb6 36. Nf4 a4 37. Re7 Nd5 38. Nxd5 cxd5 39. Re3 Rb2 40.
Ra3 b5 41. c3 Rb3 42. Ra2 Rxc3 43. Ke2 Rb3 44. h4 Kf6 45. Rd2 Ke5 46. Ra2 d4
47. f3 Kd5 48. Kf2 Kc4 49. Rc2+ Rc3 50. Re2 b4 51. Re7 a3 52. Ra7 d3 53. Rxf7
a2 54. g4 a1=Q 55. Kg3 Qb2 56. Rc7+ Kb3 57. h5 Kc2 {Time forfeit} 0-1

[Event "Rated Blitz game"]
[Site "?"]
[Date "2021.02.14"]
[Round "?"]
[White "Dobby2011"]
[Black "Jomajo"]
[Result "1-0"]
[WhiteElo "2518"]
[BlackElo "2591"]
[PlyCount "25"]
[EventDate "2021.??.??"]
[EventType "blitz"]

1. e4 e5 2. Nf3 d5 3. exd5 e4 4. Qe2 Qe7 5. Nd4 Nf6 6. Nc3 Qe5 7. Nf3 Qe7 8.
Ng5 Bg4 9. Qc4 Bf5 10. Qb5+ Nbd7 11. d6 Qe5 12. Qxb7 Rb8 13. dxc7 {Normal} 1-0

[Event "Rated Blitz game"]
[Site "?"]
[Date "2021.02.14"]
[Round "?"]
[White "Ianniello"]
[Black "Monkey_King"]
[Result "0-1"]
[WhiteElo "2369"]
[BlackElo "2545"]
[PlyCount "110"]
[EventDate "2021.??.??"]
[EventType "blitz"]

1. e4 e5 2. Nf3 d5 3. d3 dxe4 4. dxe4 Qxd1+ 5. Kxd1 f6 6. Bd3 Bg4 7. Nbd2 c6 8.
c3 Nd7 9. Kc2 Nc5 10. Be2 O-O-O 11. b4 Na4 12. Nb3 Ne7 13. Be3 Kb8 14. Rhd1 Rc8
15. h3 Bh5 16. Ng1 Bg6 17. f3 Be8 18. Nc5 Nxc5 19. Bxc5 Ng6 20. Bxf8 Rxf8 21.
Bc4 Bf7 22. Bxf7 Rxf7 23. Rd2 Nf4 24. Rad1 Kc7 25. g3 Ne6 26. Ne2 Ng5 27. Ng1
Ne6 28. h4 Kb6 29. Rd6 Re7 30. Rd7 Rc7 31. Rxe7 Rxe7 32. a4 Kc7 33. Ne2 Rf7 34.
g4 g6 35. Kb3 f5 36. exf5 gxf5 37. g5 f4 38. Re1 e4 39. fxe4 f3 40. Ng3 Rf4 41.
Rf1 Kd6 42. Kc2 Ke5 43. Kd3 c5 44. Ke3 cxb4 45. cxb4 Nd4 46. Rd1 Nc2+ 47. Kf2
Nxb4 48. Rd7 b6 49. Rxh7 Nd3+ 50. Kf1 f2 51. Re7+ Kd4 52. Ne2+ Ke3 53. Nxf4
Nxf4 54. h5 Nxh5 55. g6 Ng3+ {Normal} 0-1